Normal view
MARC view
- Khuram, Nazli
Entry Personal Name
001 - CONTROL NUMBER
- control field: 132234
003 - CONTROL NUMBER IDENTIFIER
- control field: NUST
005 - DATE AND TIME OF LATEST TRANSACTION
- control field: 20251212101744.0
008 - FIXED-LENGTH DATA ELEMENTS
- fixed length control field: 251212|| aca||aabn | a|a d
040 ## - CATALOGING SOURCE
- Original cataloging agency: NUST
- Transcribing agency: NUST
100 ## - HEADING--PERSONAL NAME
- Personal name: Khuram, Nazli
670 ## - SOURCE DATA FOUND
- Source citation: Work cat.: (NUST): Khuram, Nazli , The Role of Synthetic One-Dimensional Biomedical Data in Machine Learning Overcoming Data Limitations /
